Países da Iugoslávia - Statistics

Estatísticas Gerais
  • Esse quiz foi jogado 63 vezes
  • A pontuação média é 6 de 7
Estatísticas das Respostas
Países % Correto
Sérvia
95%
Croácia
93%
Bósnia e Herzegovina
91%
Montenegro
87%
Kosovo
85%
Eslovênia
82%
Macedônia do Norte
82%
Nenhum quiz correspondente encontrado
Distribuição das Pontuações
Porcentagem de Pessoas com Cada Pontuação
Percentil de Números Respondidos
Sua Pontuação Histórica
Você não jogou esse quiz